000
00260nam a2200109Ia 4500
008
190914s9999||||xx |||||||||||||| ||und||
100
_a
Mary Sumner
245
0
_a
Management Information Systems
260
_a
London
_b
Addison
_c
2004
300
_a
821
942
_c
BK
999
_c
8534
_d
8534